000 01459nam a2200217Ia 4500
003 Ost
005 20260507075023.0
008 260507s9999||||xx |||||||||||||| ||und||
040 _cfsecg
041 _aara
082 _a330
100 _aالعربيد، عصام فهد
_eمؤلف
245 0 _aالمحاسبة الإدارية /
_c عصام فهد العربيد
260 _aعمان:
_bدار المناهج للنشر والتوزيع,
_c2002
300 _a318 صفحة؛
_bإيضاحات ؛
_c24 سم
520 _aوظائف المحاسبة الإدارية- المحاسبة الإدارية وتبويب التكاليف- المحاسبة الإدارية والمحاسبة عن المواد الأولية والأجور والمصاريف غير المباشرة- المحاسبة الإدارية وتكلفة أوامر التشغيل وتكلفة العقود- المحاسبة الإدارية و تكلفة العمليات - الرقابة والتخطيط - إعداد الموازنة- المحاسبة الإدارية والتكاليف المعيارية-تقويم الاداء- قياس الربحية وإتخاذ القرارت في الأجل القصير- التطورات الحديثة في قياس الربحية و الأداء- أفاق المحاسبة الإدارية
653 _aإدارة الأعمال
653 _aالمحاسبة
653 _aالمحاسبة الإدارية
942 _cكتاب
999 _c42300
_d42300